01501nam a2200337 a 450000100100000000500170001000800410002702000150006804000250008308200200010824501170012826000360024530000280028159000260030965000490033565000370038469000340042169000410045570000350049670000350053170000290056670000290059570000250062470000450064971000450069491000370073995201320077695201170090895201230102599900150114800000953520200929161621.0090930s2005 dr a 000 p spa d a9945100106 aDO-SdBNPbspacBNPHU aPR861.08bH149p00aHaiku para el camino :bpoemario /cFrancisco R. Agrait-Lladó ... [et al.] ; prólogo Félix F. Rodríguez. aSanto Domingo :bBúho,c2005. a116 p. :bil. ;c22 cm. aInventarido, 2019/MFF 4aPoesía puertorriqueñaxColecciones98932 4aLiteratura puertorriqueña9250 aHAIKU PUERTORRIQUEÑO924365 aHAIKU, ESPAÑOLzPUERTO RICO9243661 aCofiño Robles, Ivette9243671 aEstrada Perdido, Yvonne9243681 aLatorre, Héctor9243691 aMartínez, Nicky9243701 aPaoli, Gisela9243711 aRodríguez, Félix F.,epról.9243721 aColectivo Haiku Puertorriqueño.924373 aValidado. Control de calidad MFF 001054708DSaGRbGRcHDd2009-09-30iLF1l0oPR861.08 H149pp9535-30r2020-06-25te. 3w2020-06-25yLFDSZPréstamo en sala 0010718PDaPDbPDcHDd2009-09-30iLF1l0oPR861.08 H149pp9535-10r2020-06-25w2020-06-25yLFPDZNo se presta 0010718PDaPDbPDcHDd2009-09-30iLF1l0oPR861.08 H149pp9535-20r2020-06-25te. 2w2020-06-25yLFPDZNo se presta c9295d9295